| 000 | 00736nam a22002537i 4500 | ||
|---|---|---|---|
| 005 | 20260112092519.0 | ||
| 008 | 250906s2025 ii ||||dr|||| 00| j eng d | ||
| 020 | _a9789390391165 | ||
| 040 |
_aJO-AmGAM _erda |
||
| 082 | 1 | 4 |
_aF _bS W I |
| 100 | 1 |
_a Jonathan ،Swift _eAuthor. |
|
| 245 | 1 | 0 |
_aGULLVER’S TRAVELS / _cِِِAuthor. |
| 264 | 3 | 1 |
_bWonder house books، _c2025. _aNew Delhi، |
| 300 | _a240 page. | ||
| 336 |
_2rdacontent _aنص _btxt |
||
| 337 |
_2rdamedia _aدون وسيط عرض _bn |
||
| 338 |
_2rdacarrier _aمجلد _bnc |
||
| 490 | 1 | _aILLUSTRATED CLASSICS. | |
| 650 | 1 | 7 | _aFiction. |
| 650 | 1 | 7 | _aChildren’s Literature. |
| 830 | 0 | _aILLUSTRATED CLASSICS. | |
| 942 |
_2ddc _cBK |
||
| 999 |
_c247715 _d247715 |
||